000 00286 a2200121 4500
005 20250629165350.0
082 _a658.827 CLI
100 _aCLIFTON, R.
245 _aBrands and Branding,
260 _aNew York,
_bBloomberg Press,
_c2009.
300 _axvii, 284,: ill.;
942 _2ddc
_cBKS
999 _c6221
_d6221